Seriál pre začínajúcich alebo menej skúsených účtovníkov
Definícia dlhodobého nehmotného a hmotného majetku. Spôsoby obstarania a ocenenia v závislosti na spôsobe obstarania. Náklady na obstaranie a zaradenie majetku do používania. Technické zhodnotenie dlhodobého hmotného majetku. Drobný majetok v účtovníctve. Odpisovanie dlhodobého hmotného majetku a od...
Guardado en:
| Autor principal: | |
|---|---|
| Formato: | Capítulo de libro |
| Lenguaje: | eslovaco |
| Materias: | |
| Etiquetas: |
Sin Etiquetas, Sea el primero en etiquetar este registro!
|
MARC
| LEADER | 00000naa a2200000 4500 | ||
|---|---|---|---|
| 001 | 0282112 | ||
| 005 | 20240417075155.6 | ||
| 041 | 0 | |a slo | |
| 044 | |a SK | ||
| 245 | 1 | 0 | |a Seriál pre začínajúcich alebo menej skúsených účtovníkov |c Mária Cvečková |
| 520 | |a Definícia dlhodobého nehmotného a hmotného majetku. Spôsoby obstarania a ocenenia v závislosti na spôsobe obstarania. Náklady na obstaranie a zaradenie majetku do používania. Technické zhodnotenie dlhodobého hmotného majetku. Drobný majetok v účtovníctve. Odpisovanie dlhodobého hmotného majetku a odpisový plán. | ||
| 610 | 2 | 0 | |a účtovníctvo |
| 610 | 2 | 0 | |a majetok hmotný |
| 610 | 2 | 0 | |a majetok nehmotný |
| 610 | 2 | 0 | |a odpisy účtovné |
| 610 | 2 | 0 | |a oceňovanie |
| 610 | 2 | 0 | |a náklady |
| 610 | 2 | 0 | |a obstarávanie |
| 100 | 1 | |a Cvečková, Mária | |